| 000 | 00463nam a22001577a 4500 | ||
|---|---|---|---|
| 005 | 20251108164258.0 | ||
| 008 | 250721s1987 xx 000 0 ara d | ||
| 082 | 1 | 4 | _a796.07/علي |
| 100 | 1 | _aالديري، علي | |
| 245 | 1 | 0 | _aأصول التمرينات الرياضية و طرق تدريسها / |
| 264 | 1 |
_aإربد : _bدار الأمل، _c1987. |
|
| 300 | _a270ص | ||
| 650 | 1 | 7 | _aالألعاب الرياضية |
| 942 |
_2ddc _cBK |
||
| 999 |
_c8209 _d8209 |
||